| 000 | 01066nam a2200217Ia 4500 | ||
|---|---|---|---|
| 001 | 17149 | ||
| 003 | GE_BSU | ||
| 008 | 181216s||||||||xx |||||||||||||| ||und|| | ||
| 040 | _cGE_BSU | ||
| 080 | _a821.353.1 + 821.353.1-32 + 821.353.1-92 | ||
| 100 | _aგამსახურდია, კ. (კონსტანტინე, 1891-1975) | ||
| 245 | _aრჩეული თხზულებანი : რვატომეული | ||
| 245 | _bპროზა, პოეზია, წერილები, თარგმანები [გოეტე, დანტე] | ||
| 245 | _cსარედ. კოლ.: ირაკლი აბაშიძე, სერგი ჭილაია, გიორგი ნატროშვილი | ||
| 260 | _aთბილისი | ||
| 260 | _bსაბჭ. საქართველო | ||
| 260 | _c1967 | ||
| 300 | _a898 გვ.23 სმ. | ||
| 653 | _aპროზა, პოეზია, წერილები, თარგმანები [გოეტე, დანტე] | ||
| 942 | _cBK | ||
| 999 |
_c50211 _d50211 |
||